000 00301 a2200121 4500
001 146351
040 _cEscola São Tomás de Aquino
100 _aCARRASCOZA, João Anzanello
240 1 0 _aA ilha do tesouro
_lpor
245 1 0 _aA ilha do tesouro
697 _a*LITERATURA INFANTO JUVENIL
942 _cBK
999 _c146351
_d146351